[Event "48th Continental Open"]
[Site "Sturbridge, MA"]
[Date "2018.08.17"]
[Round "4.17"]
[White "Yu, Alex"]
[Black "Riddell, John"]
[Result "1/2-1/2"]
[WhiteElo "1852"]
[BlackElo "2103"]
[PlyCount "136"]
[EventDate "2018.08.??"]
[EventType "swiss"]
[EventRounds "9"]
[EventCountry "USA"]
[TimeControl "6000+10"]
[WhiteClock "0:00:03"]
[BlackClock "0:02:52"]

1. e4 {[%emt 0:00:10]} c5 {[%emt 0:00:33]} 2. Nf3 {[%emt 0:00:21]} e6 {[%emt 0:
00:15]} 3. d4 {[%emt 0:00:17]} cxd4 {[%emt 0:00:11]} 4. Nxd4 {[%emt 0:00:20]}
a6 {[%emt 0:00:17]} 5. Nc3 {[%emt 0:01:07]} b5 {[%emt 0:00:24]} 6. Be3 {
[%emt 0:02:49]} Bb7 {[%emt 0:03:17]} 7. f3 {[%emt 0:02:44]} Qc7 {[%emt 0:01:32]
} 8. Qd2 {[%emt 0:05:18]} Nf6 {[%emt 0:01:01]} 9. g4 {[%emt 0:03:50]} b4 {
[%emt 0:05:28]} 10. Nce2 {[%emt 0:07:46]} e5 {[%emt 0:10:16]} 11. g5 {[%emt 0:
11:09]} Nxe4 {[%emt 0:04:21]} 12. fxe4 {[%emt 0:00:45]} Bxe4 {[%emt 0:00:27]}
13. Rg1 {[%emt 0:03:14]} exd4 {[%emt 0:00:26]} 14. Nxd4 {[%emt 0:01:39]} Nc6 {
[%emt 0:10:24]} 15. O-O-O {[%emt 0:07:30]} Nxd4 {[%emt 0:06:28]} 16. Bxd4 {
[%emt 0:00:14]} Bf5 {[%emt 0:27:30]} 17. Bd3 {[%emt 0:06:40]} Be6 {[%emt 0:00:
15]} 18. Kb1 {[%emt 0:08:00]} Bc5 {[%emt 0:07:58]} 19. Bxg7 {[%emt 0:05:27]}
Rg8 {[%emt 0:10:32]} 20. Bf6 {[%emt 0:00:54]} Bxg1 {[%emt 0:00:32]} 21. Rxg1 {
[%emt 0:00:17]} Qa5 {[%emt 0:03:02]} 22. b3 {[%emt 0:01:28]} Qc5 {[%emt 0:02:
49]} 23. Rd1 {[%emt 0:03:06]} Rg6 {[%emt 0:01:07]} 24. h4 {[%emt 0:05:48]} a5 {
[%emt 0:02:37]} 25. h5 {[%emt 0:02:10]} Rxf6 {[%emt 0:00:51]} 26. gxf6 {
[%emt 0:00:16]} Qxh5 {[%emt 0:01:10]} 27. Be4 {[%emt 0:03:28]} d5 {[%emt 0:00:
00]} 28. Rh1 {[%emt 0:01:55]} Qe5 {[%emt 0:00:00]} 29. Bxh7 {[%emt 0:01:06]}
Qxf6 {[%emt 0:00:00]} 30. Bd3 {[%emt 0:00:46]} O-O-O {[%emt 0:01:17]} 31. Qe3 {
[%emt 0:00:43]} d4 {[%emt 0:00:00]} 32. Ba6+ {[%emt 0:00:10]} Kc7 {[%emt 0:00:
00]} 33. Qg3+ {[%emt 0:00:32]} Kb6 {[%emt 0:00:00]} 34. Bd3 {[%emt 0:00:30]}
Bd5 {[%emt 0:00:00]} 35. Rf1 {[%emt 0:00:24]} Qd6 {[%emt 0:00:00]} 36. Qg7 {
[%emt 0:00:11]} Be6 {[%emt 0:00:49]} 37. Qg5 {[%emt 0:00:12]} Qd5 {[%emt 0:00:
17]} 38. Qf6 {[%emt 0:00:10]} Rd6 {[%emt 0:00:04]} 39. Qh8 {[%emt 0:00:10]} Qb7
{[%emt 0:00:17]} 40. Qh4 {[%emt 0:00:13]} Qc7 {[%emt 0:00:11]} 41. Rf4 {
[%emt 0:01:36]} a4 {[%emt 0:00:00]} 42. Rxd4 {[%emt 0:01:35]} Rxd4 {[%emt 0:00:
00]} 43. Qxd4+ {[%emt 0:00:16]} Qc5 {[%emt 0:00:00]} 44. Qd8+ {[%emt 0:01:04]}
Ka7 {[%emt 0:00:00]} 45. bxa4 {[%emt 0:04:38]} Qg1+ {[%emt 0:00:00]} 46. Kb2 {
[%emt 0:00:17]} Qg7+ {[%emt 0:00:02]} 47. Kc1 {[%emt 0:00:58]} Qg1+ {[%emt 0:
00:42]} 48. Kd2 {[%emt 0:01:03]} Qf2+ {[%emt 0:00:30]} 49. Be2 {[%emt 0:01:21]}
Qf4+ {[%emt 0:00:00]} 50. Kd1 {[%emt 0:01:39]} Bg4 {[%emt 0:00:00]} 51. Qe7+ {
[%emt 0:00:00]} Kb8 {[%emt 0:00:00]} 52. Bxg4 {[%emt 0:00:00]} Qxg4+ {[%emt 0:
00:11]} 53. Kd2 {[%emt 0:00:00]} Qd4+ {[%emt 0:00:16]} 54. Ke2 {[%emt 0:00:00]}
Qc4+ {[%emt 0:00:00]} 55. Kd2 {[%emt 0:00:00]} Qc3+ {[%emt 0:00:00]} 56. Kd1 {
[%emt 0:00:40]} Qd4+ {[%emt 0:00:00]} 57. Ke2 {[%emt 0:00:00]} Qc4+ {[%emt 0:
00:00]} 58. Ke1 {[%emt 0:00:16]} Qe6+ {[%emt 0:00:00]} 59. Qxe6 {[%emt 0:00:14]
} fxe6 {[%emt 0:00:00]} 60. Kd2 {[%emt 0:00:23]} Kb7 {[%emt 0:00:00]} 61. Kd3 {
[%emt 0:00:00]} Kb6 {[%emt 0:00:00]} 62. Kc4 {[%emt 0:00:28]} Ka5 {[%emt 0:00:
00]} 63. Kb3 {[%emt 0:00:00]} e5 {[%emt 0:00:00]} 64. a3 {[%emt 0:00:09]} bxa3
{[%emt 0:00:00]} 65. Kxa3 {[%emt 0:00:15]} e4 {[%emt 0:00:00]} 66. Kb3 {
[%emt 0:00:13]} e3 {[%emt 0:00:00]} 67. Kc3 {[%emt 0:00:15]} Kxa4 {[%emt 0:00:
04]} 68. Kd3 {[%emt 0:00:08]} Kb4 {[%emt 0:00:15]} 1/2-1/2

[Event "48th Continental Open"]
[Site "Sturbridge, MA"]
[Date "2018.08.17"]
[Round "4.18"]
[White "Falcao, Wesley"]
[Black "Luo, Terry"]
[Result "1/2-1/2"]
[WhiteElo "2148"]
[BlackElo "1793"]
[PlyCount "100"]
[EventDate "2018.08.??"]
[EventType "swiss"]
[EventRounds "9"]
[EventCountry "USA"]
[TimeControl "6000+10"]
[BlackClock "0:01:05"]

1. c4 {[%emt 0:00:10]} Nf6 {[%emt 0:00:21]} 2. g3 {[%emt 0:00:11]} g6 {[%emt 0:
00:11]} 3. Bg2 {[%emt 0:00:11]} Bg7 {[%emt 0:00:11]} 4. Nc3 {[%emt 0:00:11]}
O-O {[%emt 0:00:11]} 5. e3 {[%emt 0:04:11]} c6 {[%emt 0:02:48]} 6. Qb3 {
[%emt 0:07:37]} d6 {[%emt 0:04:19]} 7. Nge2 {[%emt 0:00:32]} e5 {[%emt 0:02:12]
} 8. h3 {[%emt 0:05:24]} Qc7 {[%emt 0:04:00]} 9. d3 {[%emt 0:09:50]} Nbd7 {
[%emt 0:02:37]} 10. O-O {[%emt 0:01:57]} Nc5 {[%emt 0:03:24]} 11. Qd1 {[%emt 0:
03:44]} a5 {[%emt 0:03:50]} 12. d4 {[%emt 0:03:29]} Ne6 {[%emt 0:01:02]} 13. f4
{[%emt 0:06:06]} Rd8 {[%emt 0:05:15]} 14. g4 {[%emt 0:00:47]} exd4 {[%emt 0:03:
15]} 15. exd4 {[%emt 0:00:10]} c5 {[%emt 0:03:22]} 16. g5 {[%emt 0:09:15]} Nh5
{[%emt 0:02:28]} 17. Nd5 {[%emt 0:00:11]} Qb8 {[%emt 0:01:17]} 18. Be3 {
[%emt 0:03:01]} Re8 {[%emt 0:12:57]} 19. Qd2 {[%emt 0:05:31]} b5 {[%emt 0:11:
46]} 20. cxb5 {[%emt 0:11:32]} Bb7 {[%emt 0:03:40]} 21. Kh2 {[%emt 0:04:07]}
Qa7 {[%emt 0:05:21]} 22. Rad1 {[%emt 0:06:43]} Rad8 {[%emt 0:06:52]} 23. Rf2 {
[%emt 0:02:13]} Qa8 {[%emt 0:10:33]} 24. Nb6 {[%emt 0:04:46]} Qa7 {[%emt 0:00:
15]} 25. Nc4 {[%emt 0:01:48]} Bxg2 {[%emt 0:00:56]} 26. Rxg2 {[%emt 0:00:45]}
Qb7 {[%emt 0:03:26]} 27. d5 {[%emt 0:06:58]} Nc7 {[%emt 0:00:50]} 28. a4 {
[%emt 0:00:23]} Re4 {[%emt 0:02:07]} 29. b3 {[%emt 0:00:28]} Qc8 {[%emt 0:01:
41]} 30. Nc3 {[%emt 0:02:01]} Bxc3 {[%emt 0:01:42]} 31. Qxc3 {[%emt 0:00:10]}
Nxf4 {[%emt 0:00:21]} 32. Bxf4 {[%emt 0:00:55]} Rxf4 {[%emt 0:00:10]} 33. b6 {
[%emt 0:00:00]} Na6 {[%emt 0:01:26]} 34. Nxa5 {[%emt 0:00:14]} Re8 {[%emt 0:00:
45]} 35. Re1 {[%emt 0:00:00]} Rxe1 {[%emt 0:00:11]} 36. Qxe1 {[%emt 0:00:00]}
Rf3 {[%emt 0:00:11]} 37. Rg3 {[%emt 0:00:00]} Rxg3 {[%emt 0:00:24]} 38. Qxg3 {
[%emt 0:00:13]} Qf5 {[%emt 0:00:10]} 39. Nc6 {[%emt 0:00:45]} Qc2+ {[%emt 0:00:
00]} 40. Kg1 {[%emt 0:00:00]} Qd1+ {[%emt 0:00:00]} 41. Kh2 {[%emt 0:00:00]}
Qc2+ {[%emt 0:00:00]} 42. Qg2 {[%emt 0:00:00]} Qxb3 {[%emt 0:00:00]} 43. Qe2 {
[%emt 0:00:00]} Qxa4 {[%emt 0:00:00]} 44. Qe3 {[%emt 0:00:00]} Qb5 {[%emt 0:00:
00]} 45. Ne7+ {[%emt 0:00:00]} Kf8 {[%emt 0:00:00]} 46. Nc8 {[%emt 0:00:00]}
Qd7 {[%emt 0:00:14]} 47. Qc3 {[%emt 0:00:00]} Kg8 {[%emt 0:01:17]} 48. Qa5 {
[%emt 0:01:24]} Qxc8 {[%emt 0:00:00]} 49. b7 {[%emt 0:00:13]} Qxb7 {[%emt 0:00:
00]} 50. Qd8+ {[%emt 0:00:14]} Kg7 {[%emt 0:00:00]} 1/2-1/2

[Event "48th Continental Open"]
[Site "Sturbridge, MA"]
[Date "2018.08.17"]
[Round "4.19"]
[White "Song, Alan"]
[Black "Padmanabhan, Karthik"]
[Result "0-1"]
[WhiteElo "2043"]
[BlackElo "1879"]
[PlyCount "98"]
[EventDate "2018.08.??"]
[EventType "swiss"]
[EventRounds "9"]
[EventCountry "USA"]
[TimeControl "6000+10"]
[WhiteClock "0:01:29"]
[BlackClock "0:00:08"]

1. e4 {[%emt 0:00:10]} e5 {[%emt 0:00:21]} 2. Nf3 {[%emt 0:00:10]} Nc6 {
[%emt 0:00:12]} 3. Bb5 {[%emt 0:00:23]} a6 {[%emt 0:00:16]} 4. Ba4 {[%emt 0:00:
16]} Nf6 {[%emt 0:00:17]} 5. O-O {[%emt 0:00:18]} b5 {[%emt 0:01:13]} 6. Bb3 {
[%emt 0:00:13]} Bc5 {[%emt 0:00:17]} 7. c3 {[%emt 0:01:05]} d6 {[%emt 0:00:20]}
8. a4 {[%emt 0:02:04]} Rb8 {[%emt 0:00:30]} 9. d4 {[%emt 0:02:12]} Bb6 {
[%emt 0:00:14]} 10. a5 {[%emt 0:03:26]} Ba7 {[%emt 0:00:24]} 11. h3 {[%emt 0:
02:41]} O-O {[%emt 0:01:59]} 12. d5 {[%emt 0:12:46]} Ne7 {[%emt 0:02:06]} 13.
Qe2 {[%emt 0:00:19]} Ng6 {[%emt 0:07:42]} 14. c4 {[%emt 0:00:27]} b4 {[%emt 0:
06:24]} 15. Be3 {[%emt 0:04:57]} Bxe3 {[%emt 0:01:55]} 16. Qxe3 {[%emt 0:00:18]
} Bd7 {[%emt 0:03:21]} 17. Nbd2 {[%emt 0:02:31]} Nf4 {[%emt 0:01:27]} 18. Ne1 {
[%emt 0:27:59]} N6h5 {[%emt 0:10:17]} 19. Bd1 {[%emt 0:03:36]} g6 {[%emt 0:15:
28]} 20. Bxh5 {[%emt 0:01:57]} Nxh5 {[%emt 0:01:45]} 21. Nd3 {[%emt 0:03:27]}
f5 {[%emt 0:07:10]} 22. Rfc1 {[%emt 0:05:39]} f4 {[%emt 0:03:49]} 23. Qe2 {
[%emt 0:02:39]} Nf6 {[%emt 0:04:36]} 24. c5 {[%emt 0:00:50]} g5 {[%emt 0:06:31]
} 25. cxd6 {[%emt 0:06:09]} cxd6 {[%emt 0:00:31]} 26. f3 {[%emt 0:00:48]} h5 {
[%emt 0:01:58]} 27. Nc4 {[%emt 0:00:58]} Bc8 {[%emt 0:01:19]} 28. Nb6 {[%emt 0:
01:31]} g4 {[%emt 0:05:27]} 29. Nxc8 {[%emt 0:00:35]} Rxc8 {[%emt 0:00:27]} 30.
Rxc8 {[%emt 0:01:45]} Qxc8 {[%emt 0:00:10]} 31. Rc1 {[%emt 0:00:59]} Qb7 {
[%emt 0:01:51]} 32. Kh2 {[%emt 0:03:57]} g3+ {[%emt 0:01:38]} 33. Kh1 {[%emt 0:
00:13]} Rc8 {[%emt 0:00:46]} 34. Qd1 {[%emt 0:08:14]} Rxc1 {[%emt 0:00:58]} 35.
Nxc1 {[%emt 0:00:10]} Qc7 {[%emt 0:00:58]} 36. Ne2 {[%emt 0:00:00]} Nd7 {
[%emt 0:07:59]} 37. Qc1 {[%emt 0:00:16]} Nc5 {[%emt 0:00:49]} 38. Qc2 {[%emt 0:
00:10]} Qxa5 {[%emt 0:00:51]} 39. Ng1 {[%emt 0:00:00]} Qb5 {[%emt 0:02:03]} 40.
Ne2 {[%emt 0:00:23]} Kf7 {[%emt 0:00:00]} 41. Kg1 {[%emt 0:00:00]} Qd3 {
[%emt 0:00:00]} 42. Qxd3 {[%emt 0:00:00]} Nxd3 {[%emt 0:00:00]} 43. b3 {
[%emt 0:00:00]} Ke7 {[%emt 0:00:00]} 44. Kf1 {[%emt 0:00:18]} h4 {[%emt 0:00:
40]} 45. Ng1 {[%emt 0:00:18]} Nc1 {[%emt 0:00:40]} 46. Ke1 {[%emt 0:00:27]}
Nxb3 {[%emt 0:00:00]} 47. Ne2 {[%emt 0:00:00]} a5 {[%emt 0:00:05]} 48. Kd1 {
[%emt 0:00:00]} a4 {[%emt 0:00:19]} 49. Kc2 {[%emt 0:00:00]} Nd4+ {[%emt 0:00:
09]} 0-1

[Event "48th Continental Open"]
[Site "Sturbridge, MA"]
[Date "2018.08.17"]
[Round "4.20"]
[White "Barash, Anton"]
[Black "Belous, Nicholas"]
[Result "1/2-1/2"]
[WhiteElo "1972"]
[BlackElo "1852"]
[PlyCount "46"]
[EventDate "2018.08.??"]
[EventType "swiss"]
[EventRounds "9"]
[EventCountry "USA"]
[TimeControl "6000+10"]
[WhiteClock "0:48:06"]
[BlackClock "0:19:38"]

1. e4 {[%emt 0:00:10]} e6 2. d4 {[%emt 0:00:11]} d5 {[%emt 0:00:31]} 3. Nc3 {
[%emt 0:00:11]} Nf6 {[%emt 0:00:11]} 4. Bg5 {[%emt 0:00:11]} dxe4 {[%emt 0:00:
11]} 5. f3 {[%emt 0:00:11]} e3 {[%emt 0:01:59]} 6. Bxe3 {[%emt 0:01:13]} Bb4 {
[%emt 0:00:13]} 7. Bc4 {[%emt 0:00:11]} Bxc3+ {[%emt 0:04:44]} 8. bxc3 {
[%emt 0:00:14]} Nd5 {[%emt 0:00:37]} 9. Bxd5 {[%emt 0:05:44]} exd5 {[%emt 0:00:
38]} 10. Ne2 {[%emt 0:00:25]} O-O {[%emt 0:01:10]} 11. O-O {[%emt 0:00:30]} Nd7
{[%emt 0:03:16]} 12. Qd3 {[%emt 0:05:40]} Nb6 {[%emt 0:01:15]} 13. Rae1 {
[%emt 0:07:21]} Nc4 {[%emt 0:05:03]} 14. Bc1 {[%emt 0:00:59]} c6 {[%emt 0:03:
12]} 15. Ng3 {[%emt 0:03:41]} Bd7 {[%emt 0:28:15]} 16. Re2 {[%emt 0:05:49]} Re8
{[%emt 0:03:20]} 17. Rfe1 {[%emt 0:00:11]} Rxe2 {[%emt 0:02:19]} 18. Qxe2 {
[%emt 0:00:10]} Qf8 {[%emt 0:02:37]} 19. Nh5 {[%emt 0:20:38]} Re8 {[%emt 0:04:
23]} 20. Qf2 {[%emt 0:00:11]} f6 {[%emt 0:08:33]} 21. Rxe8 {[%emt 0:00:11]}
Qxe8 {[%emt 0:00:11]} 22. Nf4 {[%emt 0:01:31]} Bf5 {[%emt 0:05:18]} 23. Nd3 {
[%emt 0:00:11]} Qe7 {[%emt 0:06:26]} 1/2-1/2

[Event "48th Continental Open"]
[Site "Sturbridge, MA"]
[Date "2018.08.17"]
[Round "4.21"]
[White "Slade, Theo"]
[Black "Zhao, Jeffrey Renfei"]
[Result "1/2-1/2"]
[WhiteElo "1960"]
[BlackElo "1827"]
[PlyCount "74"]
[EventDate "2018.08.??"]
[EventType "swiss"]
[EventRounds "9"]
[EventCountry "USA"]
[TimeControl "6000+10"]
[WhiteClock "0:01:50"]
[BlackClock "0:09:36"]

1. d4 {[%emt 0:00:10]} d5 2. c4 {[%emt 0:00:19]} e6 {[%emt 0:00:34]} 3. Nc3 {
[%emt 0:00:14]} Nf6 {[%emt 0:00:26]} 4. cxd5 {[%emt 0:00:18]} exd5 {[%emt 0:00:
10]} 5. Bg5 {[%emt 0:00:34]} Be7 {[%emt 0:00:10]} 6. e3 {[%emt 0:00:14]} c6 {
[%emt 0:01:21]} 7. Bd3 {[%emt 0:00:20]} O-O {[%emt 0:01:52]} 8. Qc2 {[%emt 0:
03:43]} Nbd7 {[%emt 0:01:35]} 9. Nge2 {[%emt 0:01:14]} b6 {[%emt 0:03:03]} 10.
O-O {[%emt 0:10:12]} Bb7 {[%emt 0:02:31]} 11. Rad1 {[%emt 0:03:29]} h6 {
[%emt 0:03:34]} 12. Bh4 {[%emt 0:01:01]} Rc8 {[%emt 0:01:50]} 13. f3 {[%emt 0:
02:32]} c5 {[%emt 0:04:47]} 14. dxc5 {[%emt 0:04:05]} Bxc5 {[%emt 0:02:52]} 15.
Nd4 {[%emt 0:12:20]} Re8 {[%emt 0:00:11]} 16. Rfe1 {[%emt 0:02:34]} a6 {
[%emt 0:10:39]} 17. Bh7+ {[%emt 0:10:31]} Kh8 {[%emt 0:01:25]} 18. Bf5 {
[%emt 0:00:30]} Rc7 {[%emt 0:01:52]} 19. Bg3 {[%emt 0:06:02]} Ne5 {[%emt 0:05:
36]} 20. Qb3 {[%emt 0:07:30]} Rce7 {[%emt 0:06:58]} 21. Bh4 {[%emt 0:06:19]}
Qd6 {[%emt 0:06:16]} 22. Bb1 {[%emt 0:05:45]} Bxd4 {[%emt 0:06:35]} 23. Rxd4 {
[%emt 0:02:58]} g5 {[%emt 0:02:34]} 24. Bg3 {[%emt 0:04:24]} Qe6 {[%emt 0:00:
10]} 25. Bxe5 {[%emt 0:02:05]} Qxe5 {[%emt 0:00:46]} 26. Qxb6 {[%emt 0:00:32]}
Kg7 {[%emt 0:06:23]} 27. Qb3 {[%emt 0:04:02]} h5 {[%emt 0:06:12]} 28. Qc2 {
[%emt 0:03:13]} g4 {[%emt 0:02:46]} 29. f4 {[%emt 0:06:50]} Qxd4 {[%emt 0:09:
39]} 30. exd4 {[%emt 0:00:25]} Rxe1+ {[%emt 0:00:10]} 31. Kf2 {[%emt 0:00:11]}
R8e3 {[%emt 0:00:12]} 32. g3 {[%emt 0:00:04]} Ne4+ {[%emt 0:00:45]} 33. Nxe4 {
[%emt 0:00:39]} Rxe4 {[%emt 0:00:19]} 34. Qd3 {[%emt 0:00:00]} Rh1 {[%emt 0:01:
46]} 35. Kg2 {[%emt 0:00:00]} Rhe1 {[%emt 0:00:21]} 36. Kf2 {[%emt 0:00:00]}
Rh1 {[%emt 0:00:10]} 37. Kg2 {[%emt 0:00:00]} Rhe1 {[%emt 0:00:14]} 1/2-1/2

[Event "48th Continental Open"]
[Site "Sturbridge, MA"]
[Date "2018.08.17"]
[Round "4.22"]
[White "Finnerman, David"]
[Black "Li, Jerry"]
[Result "0-1"]
[WhiteElo "1735"]
[BlackElo "1943"]
[PlyCount "66"]
[EventDate "2018.08.??"]
[EventType "swiss"]
[EventRounds "9"]
[EventCountry "USA"]

1. c4 e6 2. g3 Nf6 3. Bg2 Be7 4. Nf3 d5 5. O-O O-O 6. b3 c5 7. d4 Nbd7 8. cxd5
exd5 9. Bb2 b6 10. Nc3 Bb7 11. Rc1 Rc8 12. Bh3 Rb8 13. dxc5 bxc5 14. Na4 d4 15.
Ba3 Rc8 16. Re1 Re8 17. Qd3 Rc7 18. e4 Bd6 19. Nd2 Ne5 20. Qf1 Nxe4 21. Rxe4
Bxe4 22. Nxe4 Nf3+ 23. Kh1 Rxe4 24. Bg2 Qf6 25. Qd3 Re1+ 26. Rxe1 Nxe1 27. Qb5
Qxf2 28. Bd5 Nf3 29. Bxf3 Qxf3+ 30. Kg1 Re7 31. Qf1 Qxf1+ 32. Kxf1 d3 33. Nc3
d2 0-1

[Event "48th Continental Open"]
[Site "Sturbridge, MA"]
[Date "2018.08.17"]
[Round "4.23"]
[White "Procyk, Marijan"]
[Black "Riddell, Connor"]
[Result "1-0"]
[WhiteElo "1940"]
[BlackElo "1716"]
[PlyCount "77"]
[EventDate "2018.08.??"]
[EventType "swiss"]
[EventRounds "9"]
[EventCountry "USA"]
[TimeControl "6000+10"]
[WhiteClock "0:43:51"]
[BlackClock "0:00:30"]

1. d4 {[%emt 0:00:10]} Nf6 {[%emt 0:00:22]} 2. c4 {[%emt 0:00:12]} c5 {[%emt 0:
00:11]} 3. d5 {[%emt 0:00:12]} e5 {[%emt 0:00:11]} 4. Nc3 {[%emt 0:00:12]} d6 {
[%emt 0:00:12]} 5. e4 {[%emt 0:00:12]} Be7 {[%emt 0:00:11]} 6. f4 {[%emt 0:00:
11]} exf4 {[%emt 0:00:39]} 7. Bxf4 {[%emt 0:00:25]} Nbd7 {[%emt 0:10:47]} 8.
Nf3 {[%emt 0:00:29]} Nh5 {[%emt 0:00:38]} 9. Be3 {[%emt 0:03:42]} g6 {[%emt 0:
06:43]} 10. Qd2 {[%emt 0:00:59]} O-O {[%emt 0:02:21]} 11. Bd3 {[%emt 0:01:09]}
Bf6 {[%emt 0:09:15]} 12. g4 {[%emt 0:04:05]} Ng7 {[%emt 0:05:05]} 13. O-O-O {
[%emt 0:02:28]} Ne5 {[%emt 0:00:45]} 14. Nxe5 {[%emt 0:00:47]} Bxe5 {[%emt 0:
00:12]} 15. h3 {[%emt 0:00:46]} a6 {[%emt 0:01:29]} 16. Rdf1 {[%emt 0:03:27]}
b5 {[%emt 0:03:29]} 17. Nd1 {[%emt 0:06:36]} Bd7 {[%emt 0:04:08]} 18. Qe2 {
[%emt 0:03:46]} Qa5 {[%emt 0:00:50]} 19. Kb1 {[%emt 0:00:38]} bxc4 {[%emt 0:01:
08]} 20. Bxc4 {[%emt 0:00:24]} Rab8 {[%emt 0:01:39]} 21. Bd2 {[%emt 0:01:00]}
Qb6 {[%emt 0:07:20]} 22. Bc3 {[%emt 0:00:27]} Bxc3 {[%emt 0:05:42]} 23. Nxc3 {
[%emt 0:00:17]} Bb5 {[%emt 0:00:26]} 24. Rh2 {[%emt 0:01:15]} Rb7 {[%emt 0:02:
00]} 25. h4 {[%emt 0:10:02]} Qa5 {[%emt 0:02:34]} 26. Ka1 {[%emt 0:02:39]} Re8
{[%emt 0:02:29]} 27. h5 {[%emt 0:00:48]} Bxc4 {[%emt 0:02:33]} 28. Qxc4 {
[%emt 0:00:25]} Rb4 {[%emt 0:00:58]} 29. Qd3 {[%emt 0:00:40]} Re7 {[%emt 0:18:
24]} 30. hxg6 {[%emt 0:01:44]} fxg6 {[%emt 0:00:14]} 31. Qh3 {[%emt 0:03:12]}
h5 {[%emt 0:01:07]} 32. gxh5 {[%emt 0:00:43]} gxh5 {[%emt 0:02:34]} 33. Rg2 {
[%emt 0:03:36]} Kh7 {[%emt 0:05:55]} 34. Qg3 {[%emt 0:00:38]} Qd8 {[%emt 0:00:
46]} 35. Qg6+ {[%emt 0:01:27]} Kg8 {[%emt 0:01:27]} 36. Qxh5 {[%emt 0:00:51]}
Qe8 {[%emt 0:01:20]} 37. Rxg7+ {[%emt 0:01:26]} Kxg7 {[%emt 0:00:08]} 38. Rg1+
{[%emt 0:00:18]} Kf6 {[%emt 0:00:00]} 39. Qg5+ {[%emt 0:00:21]} 1-0

[Event "48th Continental Open"]
[Site "Sturbridge, MA"]
[Date "2018.08.17"]
[Round "4.26"]
[White "Tanaka, Tyler"]
[Black "Chin, Jonathan"]
[Result "0-1"]
[WhiteElo "2007"]
[BlackElo "1810"]
[PlyCount "102"]
[EventDate "2018.08.??"]
[EventType "swiss"]
[EventRounds "9"]
[EventCountry "USA"]

1. e4 c5 2. Nf3 Nc6 3. d4 cxd4 4. Nxd4 g6 5. c4 Nf6 6. Nc3 d6 7. Be2 Nxd4 8.
Qxd4 Bg7 9. Be3 O-O 10. Qd2 a5 11. f3 a4 12. O-O Qa5 13. Rab1 Be6 14. Rfc1 Rfc8
15. b4 axb3 16. axb3 Qb4 17. Rc2 Nd7 18. Nd5 Qxd2 19. Rxd2 Bxd5 20. exd5 Ra3
21. Kf2 Rca8 22. Rc2 Ra2 23. Rbc1 Rxc2 24. Rxc2 Ra3 25. b4 b6 26. f4 Bc3 27. c5
bxc5 28. Bb5 Nf6 29. bxc5 dxc5 30. Bc4 Bd4 31. Bxd4 cxd4 32. Ke2 Nxd5 33. g3
Ne3 34. Rc1 Nxc4 35. Rxc4 Ra2+ 36. Kd3 Rxh2 37. Kxd4 Rh3 38. Rc7 Rxg3 39. Rxe7
Kg7 40. Ra7 h5 41. Ke4 Rb3 42. Ra8 h4 43. Ra2 Rg3 44. Rh2 h3 45. Rh1 Kh6 46.
Ke5 f5 47. Kf6 Kh5 48. Rh2 Kh4 49. Ra2 Rg2 50. Ra8 h2 51. Rg8 Rg4 0-1

[Event "48th Continental Open"]
[Site "Sturbridge, MA"]
[Date "2018.08.18"]
[Round "5.1"]
[White "Gorovets, Andrey"]
[Black "Barbosa, Oliver"]
[Result "1/2-1/2"]
[WhiteElo "2495"]
[BlackElo "2545"]
[PlyCount "59"]
[EventDate "2018.08.??"]
[EventType "swiss"]
[EventRounds "9"]
[EventCountry "USA"]
[TimeControl "6000+10"]
[WhiteClock "0:21:51"]
[BlackClock "0:11:15"]

1. d4 {[%emt 0:00:10]} d5 {[%emt 0:02:06]} 2. c4 {[%emt 0:00:10]} c6 {[%emt 0:
00:10]} 3. cxd5 {[%emt 0:00:13]} cxd5 {[%emt 0:00:10]} 4. Nc3 {[%emt 0:00:10]}
Nf6 {[%emt 0:00:10]} 5. Bf4 {[%emt 0:00:10]} Nc6 {[%emt 0:00:10]} 6. e3 {
[%emt 0:00:10]} Bf5 {[%emt 0:01:06]} 7. Qb3 {[%emt 0:02:21]} Na5 {[%emt 0:00:
21]} 8. Qa4+ {[%emt 0:00:10]} Bd7 {[%emt 0:01:07]} 9. Qc2 {[%emt 0:00:14]} e6 {
[%emt 0:00:16]} 10. Bd3 {[%emt 0:01:02]} Rc8 {[%emt 0:00:32]} 11. Nf3 {[%emt 0:
00:47]} Be7 {[%emt 0:00:56]} 12. O-O {[%emt 0:02:35]} O-O {[%emt 0:01:38]} 13.
Ne5 {[%emt 0:01:45]} Nc4 {[%emt 0:07:38]} 14. Qe2 {[%emt 0:02:10]} Nd6 {
[%emt 0:02:35]} 15. Rac1 {[%emt 0:05:15]} Be8 {[%emt 0:09:09]} 16. Qf3 {
[%emt 0:06:05]} b5 {[%emt 0:04:49]} 17. Qh3 {[%emt 0:05:29]} h6 {[%emt 0:11:23]
} 18. Ng4 {[%emt 0:29:35]} Nxg4 {[%emt 0:07:16]} 19. Qxg4 {[%emt 0:00:10]} f5 {
[%emt 0:04:20]} 20. Qe2 {[%emt 0:03:11]} a6 {[%emt 0:09:20]} 21. a4 {[%emt 0:
06:28]} bxa4 {[%emt 0:00:32]} 22. Ra1 {[%emt 0:01:03]} a5 {[%emt 0:10:40]} 23.
Nxa4 {[%emt 0:00:57]} Bxa4 {[%emt 0:08:25]} 24. Rxa4 {[%emt 0:00:28]} Ne4 {
[%emt 0:04:07]} 25. f3 {[%emt 0:03:03]} Nf6 {[%emt 0:00:26]} 26. Ba6 {[%emt 0:
04:11]} Rc6 {[%emt 0:00:10]} 27. Bb5 {[%emt 0:00:56]} Rc8 {[%emt 0:00:10]} 28.
Raa1 {[%emt 0:00:22]} Qb6 {[%emt 0:01:00]} 29. Rfc1 {[%emt 0:00:43]} Bd6 {
[%emt 0:03:03]} 30. Bxd6 {[%emt 0:03:06]} 1/2-1/2

[Event "48th Continental Open"]
[Site "Sturbridge, MA"]
[Date "2018.08.18"]
[Round "5.3"]
[White "Kumar, Aravind"]
[Black "Baryshpolets, Andrey"]
[Result "0-1"]
[WhiteElo "2169"]
[BlackElo "2609"]
[PlyCount "66"]
[EventDate "2018.08.??"]
[EventType "swiss"]
[EventRounds "9"]
[EventCountry "USA"]
[TimeControl "6000+10"]
[WhiteClock "0:00:03"]
[BlackClock "0:15:11"]

1. d4 d5 {[%emt 0:05:36]} 2. c4 {[%emt 0:00:51]} e6 {[%emt 0:00:10]} 3. Nc3 {
[%emt 0:00:10]} c6 {[%emt 0:01:05]} 4. e3 {[%emt 0:01:28]} Nf6 {[%emt 0:00:10]}
5. Nf3 {[%emt 0:00:14]} Nbd7 {[%emt 0:00:10]} 6. Qc2 {[%emt 0:00:39]} Bd6 {
[%emt 0:00:10]} 7. Bd3 {[%emt 0:00:10]} O-O {[%emt 0:00:52]} 8. O-O {[%emt 0:
00:10]} dxc4 {[%emt 0:00:10]} 9. Bxc4 {[%emt 0:00:10]} e5 {[%emt 0:02:05]} 10.
Rd1 {[%emt 0:18:32]} Qe7 {[%emt 0:02:21]} 11. h3 {[%emt 0:06:12]} e4 {[%emt 0:
07:06]} 12. Nd2 {[%emt 0:24:17]} Nb6 {[%emt 0:08:52]} 13. Bf1 {[%emt 0:03:34]}
Re8 {[%emt 0:04:51]} 14. g4 {[%emt 0:07:06]} h5 {[%emt 0:18:34]} 15. g5 {
[%emt 0:01:58]} Nh7 {[%emt 0:00:43]} 16. Qxe4 {[%emt 0:20:08]} Qxg5+ {[%emt 0:
09:42]} 17. Qg2 {[%emt 0:00:10]} Bxh3 {[%emt 0:00:34]} 18. Qxg5 {[%emt 0:02:37]
} Nxg5 {[%emt 0:00:10]} 19. f4 {[%emt 0:00:10]} Bxf1 {[%emt 0:02:24]} 20. Rxf1
{[%emt 0:00:10]} Ne6 {[%emt 0:02:18]} 21. f5 {[%emt 0:05:32]} Ng5 {[%emt 0:01:
58]} 22. e4 {[%emt 0:01:42]} f6 {[%emt 0:03:32]} 23. e5 {[%emt 0:03:58]} fxe5 {
[%emt 0:03:19]} 24. Nde4 {[%emt 0:00:10]} Nxe4 {[%emt 0:01:10]} 25. Nxe4 {
[%emt 0:00:10]} Bc7 {[%emt 0:00:28]} 26. f6 {[%emt 0:02:49]} Rf8 {[%emt 0:00:
25]} 27. dxe5 {[%emt 0:01:15]} Bxe5 {[%emt 0:01:36]} 28. Rf5 {[%emt 0:00:15]}
Rae8 {[%emt 0:01:54]} 29. Bg5 {[%emt 0:00:10]} Bd4+ {[%emt 0:04:06]} 30. Nf2 {
[%emt 0:00:10]} Nd5 {[%emt 0:01:05]} 31. Rd1 {[%emt 0:00:10]} Bxf6 {[%emt 0:01:
47]} 32. Bxf6 {[%emt 0:00:10]} Nxf6 {[%emt 0:00:32]} 33. Kg2 {[%emt 0:00:10]}
Re2 {[%emt 0:00:34]} 0-1